Environmental plant physiology / (Record no. 19840)

MARC details
000 -LEADER
fixed length control field 00984cam a2200289 i 4500
001 - CONTROL NUMBER
control field 18868260
003 - CONTROL NUMBER IDENTIFIER
control field OSt
005 - DATE AND TIME OF LATEST TRANSACTION
control field 20230117095008.0
008 - FIXED-LENGTH DATA ELEMENTS--GENERAL INFORMATION
fixed length control field 151121s2016 nyua b 001 0 eng
010 ## - LIBRARY OF CONGRESS CONTROL NUMBER
LC control number 2015039662
020 ## - INTERNATIONAL STANDARD BOOK NUMBER
International Standard Book Number 9780815344698 (pbk. : alk. paper)
040 ## - CATALOGING SOURCE
Original cataloging agency DLC
Language of cataloging eng
Transcribing agency DLC
Description conventions rda
Modifying agency DLC
042 ## - AUTHENTICATION CODE
Authentication code pcc
050 00 - LIBRARY OF CONGRESS CALL NUMBER
Classification number QK717
Item number .W55 2016
100 1# - MAIN ENTRY--PERSONAL NAME
Personal name Willey, Neil,
245 10 - TITLE STATEMENT
Title Environmental plant physiology /
Statement of responsibility, etc. Neil Willey.
264 #1 - PRODUCTION, PUBLICATION, DISTRIBUTION, MANUFACTURE, AND COPYRIGHT NOTICE
Place of production, publication, distribution, manufacture New York :
Name of producer, publisher, distributor, manufacturer Garland Science, Taylor & Francis Group,
Date of production, publication, distribution, manufacture, or copyright notice 2016
300 ## - PHYSICAL DESCRIPTION
Extent x, 390 p:
336 ## - CONTENT TYPE
Content type term text
Source rdacontent
337 ## - MEDIA TYPE
Media type term unmediated
Source rdamedia
338 ## - CARRIER TYPE
Carrier type term volume
Source rdacarrier
504 ## - BIBLIOGRAPHY, ETC. NOTE
Bibliography, etc Includes bibliographical references and index.
650 #0 - SUBJECT ADDED ENTRY--TOPICAL TERM
Topical term or geographic name as entry element Plant ecophysiology.
906 ## - LOCAL DATA ELEMENT F, LDF (RLIN)
a 7
b cbc
c orignew
d 1
e ecip
f 20
g y-gencatlg
942 ## - ADDED ENTRY ELEMENTS (KOHA)
Source of classification or shelving scheme Library of Congress Classification
Koha item type General Collection
Holdings
Withdrawn status Lost status Source of classification or shelving scheme Not for loan Home library Current library Date acquired Cost, normal purchase price Total Checkouts Full call number Barcode Date last seen Copy number Price effective from Koha item type Shelving location Inventory number
    Library of Congress Classification   Kabarak, Main Campus Kabarak, Main Campus 17/01/2023 6982.00   QK717 .W55 2016 C.1 33098 17/01/2023 C.1 17/01/2023 General Collection    
    Library of Congress Classification   Kabarak, Main Campus Kabarak, Main Campus 16/06/2025 10300.00   QK717 .W55 2016 C.2 33172 16/06/2025 C.2 16/06/2025 General Collection General Stacks 2025/2115
Designed with assistance from East African Informatics Ltd